000 00422nam a2200181Ia 4500
001 1895
005 20260306143802.0
008 260306t2014||||xx |||||||||||||| ||spa||
041 _aESP
082 _a158.1
_bD74
100 _aDidonna, Fabrizio
_eAUT
245 0 _aManual clínico de mindfulness
260 _c2014
300 _a836 páginas :
_c21 cm.
650 _aGEN
654 _aCPS
942 _cLIB
_dJUS
_fJUS
_2ddc
_n
999 _c1895
_d1895